[Event "GBR-ch 100th"]
[Site "Torquay"]
[Date "2013.08.05"]
[Round "7"]
[White "Kalaiyalahan, Akshaya"]
[Black "Friedland, Jon S"]
[Result "0-1"]
[WhiteElo "1920"]
[BlackElo "2093"]
[PlyCount "80"]
[EventDate "2013.07.29"]
[EventType "swiss"]
[EventRounds "11"]
[EventCountry "ENG"]
[SourceTitle "CBM 155 Extra"]
[Source "ChessBase"]
[SourceDate "2013.08.26"]
[SourceVersion "1"]
[SourceVersionDate "2013.08.26"]
[SourceQuality "1"]

1. c4 Nf6 2. Nc3 g6 3. g3 Bg7 4. Bg2 0-0 5. e4 d6 6. Nge2 Nc6 7. 0-0 a6 8. d4 Rb8 9. h3 Bd7 10. d5 Na5 11. b3 c5 12. dxc6 Nxc6 13. Bb2 b5 14. cxb5 axb5 15. Nd5 Nxd5 16. Bxg7 Ne3 17. fxe3 Kxg7 18. Nd4 Ne5 19. Qd2 b4 20. Rac1 Qa5 21. a3 Rfc8 22. axb4 Qxb4 23. Qxb4 Rxb4 24. Rxc8 Bxc8 25. Rc1 Bd7 26. Rc3 Kf6 27. Kf2 Be6 28. Ke2 Nd7 29. Kd2 Rb6 30. Kc2 Nc5 31. Nxe6 Kxe6 32. Bf3 Ke5 33. Bg2 Rb7 34. Bf3 h5 35. Bg2 Ra7 36. Rxc5+ dxc5 37. Kb2 Rd7 38. Kc3 Rd1 39. Bf3 Rf1 40. Be2 Rg1 0-1

[Event "GBR-ch 100th"]
[Site "Torquay"]
[Date "2013.07.30"]
[Round "2"]
[White "Friedland, Jon S"]
[Black "Thorpe, Thomas"]
[Result "1-0"]
[WhiteElo "2093"]
[BlackElo "1875"]
[PlyCount "37"]
[EventDate "2013.07.29"]
[EventType "swiss"]
[EventRounds "11"]
[EventCountry "ENG"]
[SourceTitle "CBM 155 Extra"]
[Source "ChessBase"]
[SourceDate "2013.08.26"]
[SourceVersion "1"]
[SourceVersionDate "2013.08.26"]
[SourceQuality "1"]

1. e4 g6 2. d4 Bg7 3. Nc3 d6 4. Nf3 Nf6 5. Bg5 Nbd7 6. Be2 0-0 7. Qd2 Re8 8. h3 b6 9. e5 dxe5 10. dxe5 Nh5 11. g4 Bb7 12. gxh5 Nxe5 13. Qe3 Bxf3 14. Bxf3 Nc4 15. Qc1 Ne5 16. Bg2 Rb8 17. 0-0 gxh5 18. Rd1 Qc8 19. Nd5 1-0

[Event "GBR-ch 100th"]
[Site "Torquay"]
[Date "2013.07.29"]
[Round "1"]
[White "Ward, Christopher"]
[Black "Friedland, Jon S"]
[Result "1-0"]
[WhiteElo "2432"]
[BlackElo "2093"]
[PlyCount "69"]
[EventDate "2013.07.29"]
[EventType "swiss"]
[EventRounds "11"]
[EventCountry "ENG"]
[SourceTitle "CBM 155 Extra"]
[Source "ChessBase"]
[SourceDate "2013.08.26"]
[SourceVersion "1"]
[SourceVersionDate "2013.08.26"]
[SourceQuality "1"]

1. d4 Nf6 2. c4 g6 3. Nc3 Bg7 4. e4 d6 5. f3 0-0 6. Be3 Nbd7 7. Nh3 c5 8. d5 a6 9. a4 Qa5 10. Nf2 Ne5 11. Bd2 Qc7 12. Be2 e6 13. f4 Ned7 14. 0-0 exd5 15. exd5 b6 16. Qc2 Ra7 17. Bd3 Re8 18. Rae1 Rxe1 19. Rxe1 Nf8 20. f5 gxf5 21. Bxf5 Bxf5 22. Qxf5 h6 23. Bxh6 Bxh6 24. Qxf6 Bg7 25. Qg5 Qd7 26. Ng4 Nh7 27. Qf4 f5 28. Nh6+ Bxh6 29. Qxh6 Kh8 30. Re6 Qf7 31. Rxd6 Ra8 32. Qg6 Qf8 33. Rd7 Qg8 34. Qxf5 Re8 35. Ne4 1-0

[Event "Sunningdale e2e4 op"]
[Site "Ascot"]
[Date "2013.05.25"]
[Round "2"]
[White "Bates, Richard"]
[Black "Friedland, Jon S"]
[Result "1-0"]
[WhiteElo "2376"]
[BlackElo "2118"]
[PlyCount "73"]
[EventDate "2013.05.24"]
[EventType "swiss"]
[EventRounds "7"]
[EventCountry "ENG"]
[SourceTitle "CBM 154 Extra"]
[Source "ChessBase"]
[SourceDate "2013.06.25"]
[SourceVersion "2"]
[SourceVersionDate "2013.06.25"]
[SourceQuality "1"]

1. d4 Nf6 2. Nf3 g6 3. g3 Bg7 4. Bg2 0-0 5. 0-0 d6 6. c4 Nc6 7. Nc3 Bg4 8. d5 Na5 9. Nd2 c5 10. h3 Bd7 11. Qc2 a6 12. b3 b5 13. Bb2 Rb8 14. Rab1 bxc4 15. bxc4 e5 16. Ba1 Qc7 17. Nce4 Nxe4 18. Nxe4 h6 19. f4 Rxb1 20. Rxb1 Rb8 21. Nd2 Rb6 22. Rf1 Rb4 23. g4 f5 24. gxf5 gxf5 25. e4 Nxc4 26. Nxc4 Bb5 27. fxe5 Rxc4 28. Qf2 dxe5 29. Qxf5 Rc2 30. Qe6+ Kh8 31. Rf8+ Bxf8 32. Bxe5+ Qxe5 33. Qxe5+ Bg7 34. Qb8+ Kh7 35. a4 Bxa4 36. e5 Re2 37. Be4+ 1-0

[Event "Sunningdale e2e4 op"]
[Site "Ascot"]
[Date "2013.05.24"]
[Round "1"]
[White "Friedland, Jon S"]
[Black "Hernandez Castro, Julio Cesar"]
[Result "1-0"]
[WhiteElo "2118"]
[BlackElo "1848"]
[PlyCount "139"]
[EventDate "2013.05.24"]
[EventType "swiss"]
[EventRounds "7"]
[EventCountry "ENG"]
[SourceTitle "CBM 154 Extra"]
[Source "ChessBase"]
[SourceDate "2013.06.25"]
[SourceVersion "2"]
[SourceVersionDate "2013.06.25"]
[SourceQuality "1"]

1. e4 c6 2. d4 d5 3. Nc3 dxe4 4. Nxe4 Bf5 5. Ng3 Bg6 6. Nf3 Nf6 7. Bc4 e6 8. 0-0 Be7 9. Re1 0-0 10. Nh4 Nbd7 11. Nxg6 hxg6 12. c3 c5 13. dxc5 Nxc5 14. Qf3 Rc8 15. Bf1 Qd5 16. Qf4 Nd3 17. Bxd3 Qxd3 18. Be3 Nd5 19. Qa4 Nxe3 20. Rxe3 Qc4 21. Qxc4 Rxc4 22. Rd3 Rfc8 23. Rad1 Kf8 24. Kf1 Ke8 25. f3 Rd8 26. Ne4 Rxd3 27. Rxd3 Rc6 28. Ke2 Ra6 29. a3 Rb6 30. b4 f5 31. Nd2 Rc6 32. c4 b6 33. Rc3 a5 34. bxa5 bxa5 35. Rb3 a4 36. Rb8+ Kf7 37. Ra8 Bxa3 38. Rxa4 Bc5 39. Ra2 Bb4 40. Rc2 e5 41. Nb3 Ke6 42. Nc1 Bc5 43. Nd3 Bd4 44. Nb4 Rb6 45. Nd5 Rb2 46. Rxb2 Bxb2 47. Kd3 Kd6 48. Kc2 Bd4 49. Kb3 e4 50. fxe4 fxe4 51. Nc3 e3 52. Kc2 Kc5 53. Kd3 Bxc3 54. Kxc3 e2 55. Kd2 e1Q+ 56. Kxe1 Kxc4 57. Ke2 Kd4 58. Kf3 Ke5 59. Kg4 Kf6 60. Kf4 g5+ 61. Kg4 Kg6 62. g3 Kf6 63. Kh5 Kf5 64. h3 g6+ 65. Kh6 Kf6 66. g4 Kf7 67. Kxg5 Kg7 68. h4 Kh7 69. Kf6 Kh6 70. g5+ 1-0

[Event "London Classic op 4th"]
[Site "London"]
[Date "2012.12.06"]
[Round "6"]
[White "Friedland, Jon S"]
[Black "Player, Edmund C"]
[Result "0-1"]
[WhiteElo "2125"]
[BlackElo "2248"]
[PlyCount "72"]
[EventDate "2012.12.01"]
[EventType "swiss"]
[EventRounds "9"]
[EventCountry "ENG"]
[SourceTitle "CBM 151 Extra"]
[Source "ChessBase"]
[SourceDate "2012.12.18"]
[SourceVersion "1"]
[SourceVersionDate "2012.12.18"]
[SourceQuality "1"]

1. e4 e6 2. d4 d5 3. Nc3 Bb4 4. Bd3 dxe4 5. Bxe4 Nf6 6. Bd3 c5 7. dxc5 Nbd7 8. a3 Bxc3+ 9. bxc3 Qc7 10. Nf3 Nxc5 11. 0-0 0-0 12. c4 e5 13. Be2 Nfe4 14. Bb2 f6 15. Re1 Qb6 16. Rb1 Nxf2 17. Qd5+ Be6 18. Bd4 Bxd5 19. Rxb6 axb6 20. Bxf2 Be6 21. h3 Ra4 22. Nd2 Rd8 23. Nb3 Bxc4 24. Bxc5 Bxe2 25. Rxe2 bxc5 26. Nxc5 Rxa3 27. Nxb7 Rd1+ 28. Kf2 Rc3 29. h4 Rc1 30. Re4 R1xc2+ 31. Kg1 Rc4 32. Re3 Rxh4 33. Ra3 h5 34. Nd6 Rg4 35. Ne8 Rgxg2+ 36. Kh1 Rgd2 0-1

[Event "London Classic op 4th"]
[Site "London"]
[Date "2012.12.03"]
[Round "3"]
[White "Dror, Levi L"]
[Black "Friedland, Jon S"]
[Result "0-1"]
[WhiteElo "1782"]
[BlackElo "2125"]
[PlyCount "68"]
[EventDate "2012.12.01"]
[EventType "swiss"]
[EventRounds "9"]
[EventCountry "ENG"]
[SourceTitle "CBM 151 Extra"]
[Source "ChessBase"]
[SourceDate "2012.12.18"]
[SourceVersion "1"]
[SourceVersionDate "2012.12.18"]
[SourceQuality "1"]

1. e4 c5 2. Nf3 d6 3. d4 cxd4 4. Nxd4 Nf6 5. Nc3 a6 6. Bg5 e6 7. Qd2 Be7 8. 0-0-0 Bd7 9. f3 Nc6 10. g4 b5 11. h4 b4 12. Nce2 Qb6 13. Be3 Qb7 14. Ng3 g6 15. g5 Nh5 16. Nxh5 gxh5 17. Bg2 Ne5 18. Ne2 Rc8 19. b3 Bb5 20. Ng3 Bd3 21. Bd4 Rxc2+ 22. Qxc2 Bxc2 23. Kxc2 0-0 24. Rd2 Rc8+ 25. Kb1 Ng6 26. Nxh5 e5 27. Bb2 Qb6 28. Ng3 Nxh4 29. Rxh4 Bxg5 30. Rg4 f6 31. Nf1 h5 32. Rg3 Kf7 33. Re2 Qb5 34. Rc2 Qd3 0-1

[Event "London Classic op 4th"]
[Site "London"]
[Date "2012.12.01"]
[Round "1"]
[White "Altman, Joshua"]
[Black "Friedland, Jon S"]
[Result "0-1"]
[WhiteElo "1555"]
[BlackElo "2125"]
[PlyCount "64"]
[EventDate "2012.12.01"]
[EventType "swiss"]
[EventRounds "9"]
[EventCountry "ENG"]
[SourceTitle "CBM 151 Extra"]
[Source "ChessBase"]
[SourceDate "2012.12.18"]
[SourceVersion "1"]
[SourceVersionDate "2012.12.18"]
[SourceQuality "1"]

1. e4 c5 2. Nc3 d6 3. f4 Nf6 4. Nf3 e6 5. Bb5+ Bd7 6. Bxd7+ Nbxd7 7. 0-0 Be7 8. d3 a6 9. a4 Rb8 10. a5 b5 11. axb6 Qxb6 12. Kh1 0-0 13. Qe1 Rfe8 14. h3 Nf8 15. Ne2 d5 16. Ng3 Qc6 17. e5 N6d7 18. f5 exf5 19. Nxf5 Ng6 20. Qg3 Bf8 21. h4 Kh8 22. Re1 Qe6 23. Nd6 Bxd6 24. exd6 Qf5 25. Rxe8+ Rxe8 26. Rxa6 Nde5 27. Qe1 Qc8 28. Nxe5 Nxe5 29. Qa5 Ng4 30. Bd2 Qf5 31. Qa1 Qe5 32. Qg1 Qg3 0-1

[Event "Amersham e2e4 op"]
[Site "Amersham"]
[Date "2012.05.20"]
[Round "4"]
[White "Wadsworth, Matthew J"]
[Black "Friedland, Jon S"]
[Result "1-0"]
[WhiteElo "1990"]
[BlackElo "2148"]
[PlyCount "77"]
[EventDate "2012.05.18"]
[EventType "swiss"]
[EventRounds "5"]
[EventCountry "ENG"]
[SourceTitle "EXT 2013"]
[Source "ChessBase"]
[SourceDate "2012.11.22"]
[SourceVersion "1"]
[SourceVersionDate "2012.11.22"]
[SourceQuality "1"]

1. e4 c5 2. Nc3 d6 3. f4 e6 4. Nf3 Nf6 5. Bb5+ Bd7 6. Bxd7+ Nbxd7 7. 0-0 Be7 8. d3 0-0 9. Qe1 a6 10. a4 Rb8 11. a5 b5 12. axb6 Qxb6 13. Kh1 Qc6 14. b3 Rb6 15. Qg3 d5 16. e5 Ne8 17. Ba3 f5 18. Na4 Rb7 19. d4 Rf7 20. dxc5 Nxc5 21. Nd4 Qc8 22. Bxc5 Bxc5 23. Nxe6 Ba7 24. Ng5 Rfc7 25. Qd3 d4 26. Rac1 Rb5 27. Nf3 g6 28. Rfd1 Kf8 29. Nxd4 Bxd4 30. Qxd4 Rxc2 31. Rxc2 Qxc2 32. e6 Kg8 33. Qd7 Rb7 34. Qxe8+ Kg7 35. Qd8 Rxb3 36. e7 Rb8 37. e8N+ Kf7 38. Rd7+ Kg8 39. Nf6# 1-0

[Event "Amersham e2e4 op"]
[Site "Amersham"]
[Date "2012.05.18"]
[Round "1"]
[White "Moss, Guy"]
[Black "Friedland, Jon S"]
[Result "1/2-1/2"]
[WhiteElo "1888"]
[BlackElo "2148"]
[PlyCount "54"]
[EventDate "2012.05.18"]
[EventType "swiss"]
[EventRounds "5"]
[EventCountry "ENG"]
[SourceTitle "EXT 2013"]
[Source "ChessBase"]
[SourceDate "2012.11.22"]
[SourceVersion "1"]
[SourceVersionDate "2012.11.22"]
[SourceQuality "1"]

1. e4 c5 2. Nf3 d6 3. c3 Nf6 4. h3 e6 5. Bd3 Be7 6. Bc2 Nc6 7. 0-0 h6 8. Re1 b5 9. d4 cxd4 10. cxd4 Bb7 11. Nc3 a6 12. Bf4 Nb4 13. Bb3 d5 14. e5 Ne4 15. a3 Nxc3 16. bxc3 Nc6 17. Bc2 Rc8 18. Qd3 Na5 19. Nd2 Qc7 20. Re3 Nc4 21. Nxc4 Qxc4 22. Qd1 a5 23. Rg3 g6 24. Bd3 Qa4 25. Bc2 Qc4 26. Bd3 Qa4 27. Bc2 Qc4 1/2-1/2

[Event "High Wycombe e2e4 op 10"]
[Site "High Wycombe"]
[Date "2011.10.08"]
[Round "3"]
[White "Friedland, Jon S"]
[Black "Hebden, Mark"]
[Result "0-1"]
[WhiteElo "2163"]
[BlackElo "2506"]
[PlyCount "60"]
[EventDate "2011.10.07"]
[EventType "swiss"]
[EventRounds "5"]
[EventCountry "ENG"]
[SourceTitle "CBM 144 Extra"]
[Source "ChessBase"]
[SourceDate "2011.10.28"]
[SourceVersion "1"]
[SourceVersionDate "2011.10.28"]
[SourceQuality "1"]

1. e4 e5 2. Nf3 Nc6 3. Bb5 a6 4. Ba4 Nf6 5. 0-0 Be7 6. Re1 b5 7. Bb3 0-0 8. d4 d6 9. c3 Bg4 10. d5 Na5 11. Bc2 c6 12. h3 Bc8 13. dxc6 Qc7 14. Nbd2 Qxc6 15. Nf1 Nc4 16. Ne3 Nxe3 17. Bxe3 h6 18. a4 Be6 19. Qd2 Nxe4 20. Bxe4 Qxe4 21. Bxh6 Qc4 22. Be3 bxa4 23. Qc2 Qb3 24. Qe4 Qxb2 25. Rxa4 Qxc3 26. Qb7 Bf6 27. Rxa6 Bd5 28. Qb6 Bxf3 29. Rc1 Qd3 30. Rxa8 Bxa8 0-1

[Event "High Wycombe e2e4 op 10"]
[Site "High Wycombe"]
[Date "2011.10.08"]
[Round "2"]
[White "Friedland, Jon S"]
[Black "Longson, Sarah N"]
[Result "1-0"]
[WhiteElo "2163"]
[BlackElo "2051"]
[PlyCount "69"]
[EventDate "2011.10.07"]
[EventType "swiss"]
[EventRounds "5"]
[EventCountry "ENG"]
[SourceTitle "CBM 144 Extra"]
[Source "ChessBase"]
[SourceDate "2011.10.28"]
[SourceVersion "1"]
[SourceVersionDate "2011.10.28"]
[SourceQuality "1"]

1. e4 Nf6 2. e5 Nd5 3. d4 d6 4. c4 Nb6 5. exd6 cxd6 6. Nc3 g6 7. Be3 Bg7 8. Rc1 0-0 9. b3 f5 10. Qd2 e5 11. dxe5 dxe5 12. Qxd8 Rxd8 13. Nb5 f4 14. Bc5 Na6 15. Be7 Re8 16. Bd6 Be6 17. Nf3 Nc8 18. Ng5 Kh8 19. Be2 Bf5 20. Ba3 h6 21. Nf7+ Kh7 22. Nfd6 Nxd6 23. Nxd6 Bf8 24. c5 e4 25. Nxe8 Rxe8 26. 0-0 Nc7 27. Bb2 g5 28. h3 Ne6 29. b4 f3 30. Bb5 fxg2 31. Kxg2 Nf4+ 32. Kh2 Rc8 33. Rcd1 Bxh3 34. Rfe1 Rc7 35. Be5 1-0

[Event "Sunningdale e2e4 op"]
[Site "Ascot"]
[Date "2011.05.30"]
[Round "6"]
[White "Friedland, Jon S"]
[Black "Hagesaether, Arne"]
[Result "1-0"]
[WhiteElo "2147"]
[BlackElo "2143"]
[PlyCount "59"]
[EventDate "2011.05.27"]
[EventType "swiss"]
[EventRounds "7"]
[EventCountry "ENG"]
[SourceTitle "CBM 142 Extra"]
[Source "ChessBase"]
[SourceDate "2011.06.27"]
[SourceVersion "1"]
[SourceVersionDate "2011.06.27"]
[SourceQuality "1"]

1. e4 c6 2. d4 d5 3. Nc3 dxe4 4. Nxe4 Bf5 5. Ng3 Bg6 6. Nf3 Nd7 7. Bc4 e6 8. 0-0 Be7 9. Re1 Nb6 10. Bb3 Bf6 11. c3 Ne7 12. Qe2 Qd7 13. Ne4 Bxe4 14. Qxe4 Ng6 15. a4 Nc8 16. a5 Nd6 17. Qe2 a6 18. d5 cxd5 19. Bxd5 0-0 20. Bb3 Nf5 21. Bc2 Nfe7 22. Ra4 Nd5 23. h4 Qc7 24. h5 Nge7 25. c4 Rac8 26. Bb1 Qc6 27. Qe4 g6 28. cxd5 exd5 29. Qf4 d4 30. Be4 1-0

[Event "Sunningdale e2e4 op"]
[Site "Ascot"]
[Date "2011.05.29"]
[Round "5"]
[White "Craft, Isaac"]
[Black "Friedland, Jon S"]
[Result "0-1"]
[WhiteElo "1909"]
[BlackElo "2147"]
[PlyCount "38"]
[EventDate "2011.05.27"]
[EventType "swiss"]
[EventRounds "7"]
[EventCountry "ENG"]
[SourceTitle "CBM 142 Extra"]
[Source "ChessBase"]
[SourceDate "2011.06.27"]
[SourceVersion "1"]
[SourceVersionDate "2011.06.27"]
[SourceQuality "1"]

1. e4 c5 2. Nf3 d6 3. d4 cxd4 4. Nxd4 Nf6 5. Nc3 a6 6. Bg5 e6 7. f4 Be7 8. Qf3 Qc7 9. 0-0-0 h6 10. Bh4 Nbd7 11. Bd3 g5 12. fxg5 Ne5 13. Qe2 Nfg4 14. Nf3 Nxf3 15. Qxf3 Ne5 16. Qh5 Qc5 17. Rhf1 Bd7 18. Nd5 exd5 19. gxh6 Qe3+ 0-1

[Event "Sunningdale e2e4 op"]
[Site "Ascot"]
[Date "2011.05.28"]
[Round "3"]
[White "Friedland, Jon S"]
[Black "Nelson, Omowale"]
[Result "1-0"]
[WhiteElo "2147"]
[BlackElo "2072"]
[PlyCount "93"]
[EventDate "2011.05.27"]
[EventType "swiss"]
[EventRounds "7"]
[EventCountry "ENG"]
[SourceTitle "CBM 142 Extra"]
[Source "ChessBase"]
[SourceDate "2011.06.27"]
[SourceVersion "1"]
[SourceVersionDate "2011.06.27"]
[SourceQuality "1"]

1. e4 c6 2. d4 d5 3. Nc3 dxe4 4. Nxe4 Bf5 5. Ng3 Bg6 6. Nf3 Nd7 7. Bc4 e6 8. 0-0 Ngf6 9. Re1 Be7 10. c3 0-0 11. Nh4 Re8 12. Nxg6 hxg6 13. Bg5 Qc7 14. Bb3 Bd6 15. Qf3 c5 16. dxc5 Bxc5 17. Rad1 Be7 18. Rd4 Nc5 19. Bc2 Nd5 20. Bxe7 Nxe7 21. h4 e5 22. Rdd1 Ne6 23. h5 Nf4 24. hxg6 Nexg6 25. Nh5 Re6 26. Bb3 Nh4 27. Qe4 Rg6 28. Nxf4 exf4 29. g3 Qc6 30. Qxc6 bxc6 31. Re7 fxg3 32. Rxf7 gxf2+ 33. Kxf2 Kh8 34. Rh1 Rh6 35. Rg1 Rg6 36. Bc2 Rxg1 37. Kxg1 Kg8 38. Rf4 g5 39. Rf6 Rc8 40. Kh2 Kg7 41. Rd6 Rc7 42. Kg3 Kf7 43. Be4 Re7 44. Rd4 Kf6 45. Kg4 c5 46. Ra4 Ng6 47. Ra6+ 1-0

[Event "London Classic op"]
[Site "London"]
[Date "2009.12.13"]
[Round "7"]
[White "Friedland, Jon S"]
[Black "Crouch, Colin S"]
[Result "0-1"]
[WhiteElo "2162"]
[BlackElo "2346"]
[PlyCount "154"]
[EventDate "2009.12.08"]
[EventType "swiss"]
[EventRounds "9"]
[EventCountry "ENG"]
[SourceTitle "CBM 133 Extra"]
[Source "ChessBase"]
[SourceDate "2010.01.05"]
[SourceVersion "1"]
[SourceVersionDate "2010.01.05"]
[SourceQuality "1"]

1. e4 d5 2. exd5 Qxd5 3. Nc3 Qd6 4. Bc4 Nf6 5. d3 a6 6. Qe2 b5 7. Bb3 Bb7 8. Nf3 e6 9. Bg5 Nbd7 10. 0-0 Nc5 11. Rad1 Nxb3 12. axb3 Be7 13. Rfe1 0-0 14. d4 b4 15. Bxf6 gxf6 16. Ne4 Qd5 17. c4 bxc3 18. bxc3 Qxb3 19. c4 Bxe4 20. Qxe4 Qxc4 21. Rc1 Qb4 22. Rxc7 Rac8 23. Rb7 f5 24. Qb1 Qxb1 25. Rexb1 Bf6 26. Ra7 Ra8 27. Rbb7 Rxa7 28. Rxa7 Rb8 29. g3 Rb1+ 30. Kg2 Ra1 31. Ne5 Ra2 32. Kf3 a5 33. Ra8+ Kg7 34. Ra7 Bxe5 35. dxe5 a4 36. h3 Kg6 37. Ra6 Ra3+ 38. Kf4 Ra2 39. Kf3 f4 40. g4 Kg5 41. Ra7 Ra3+ 42. Kg2 Kg6 43. h4 h6 44. Ra8 h5 45. g5 Kf5 46. Ra7 Kg4 47. Rxf7 f3+ 48. Kh2 Ra2 49. Kg1 Ra1+ 50. Kh2 Rf1 51. g6 Rxf2+ 52. Kg1 Rg2+ 53. Kf1 Kxh4 54. g7 Rg6 55. Kf2 Kg5 56. Kxf3 Kh6 57. Ra7 Rxg7 58. Rxa4 Kg5 59. Ke4 Rb7 60. Ra8 Rb4+ 61. Kf3 Kf5 62. Rh8 Rb3+ 63. Kf2 Kg4 64. Rh6 Rb6 65. Rg6+ Kf5 66. Rh6 Kg5 67. Rh8 Rb5 68. Rg8+ Kf4 69. Rg6 Rxe5 70. Rh6 Kg5 71. Rh7 Rf5+ 72. Ke3 Kg4 73. Rh6 e5 74. Ke4 Rg5 75. Rh8 h4 76. Rh7 h3 77. Rh8 Rh5 0-1

[Event "London Classic op"]
[Site "London"]
[Date "2009.12.12"]
[Round "6"]
[White "Ivens, Birger"]
[Black "Friedland, Jon S"]
[Result "0-1"]
[WhiteElo "2052"]
[BlackElo "2162"]
[PlyCount "60"]
[EventDate "2009.12.08"]
[EventType "swiss"]
[EventRounds "9"]
[EventCountry "ENG"]
[SourceTitle "CBM 133 Extra"]
[Source "ChessBase"]
[SourceDate "2010.01.05"]
[SourceVersion "1"]
[SourceVersionDate "2010.01.05"]
[SourceQuality "1"]

1. e4 c5 2. Ne2 d6 3. g3 Nf6 4. Bg2 e6 5. d3 Be7 6. h3 Nc6 7. c3 d5 8. Qc2 0-0 9. 0-0 Qc7 10. Nd2 b5 11. f4 dxe4 12. dxe4 Bb7 13. g4 Rad8 14. Ng3 c4 15. g5 Nd7 16. Nf3 Nc5 17. Be3 Rd3 18. Qf2 Na4 19. Rfe1 Rfd8 20. Nf1 b4 21. cxb4 Bxb4 22. Re2 c3 23. b3 Nb2 24. Ne1 Nd1 25. Qg3 Nd4 26. Rf2 Nxf2 27. Qxf2 Rd2 28. Nxd2 cxd2 29. Nf3 Nc2 30. Nxd2 Rxd2 0-1

[Event "London Classic op"]
[Site "London"]
[Date "2009.12.09"]
[Round "2"]
[White "Hennigan, Michael"]
[Black "Friedland, Jon S"]
[Result "1-0"]
[WhiteElo "2385"]
[BlackElo "2162"]
[PlyCount "67"]
[EventDate "2009.12.08"]
[EventType "swiss"]
[EventRounds "9"]
[EventCountry "ENG"]
[SourceTitle "CBM 133 Extra"]
[Source "ChessBase"]
[SourceDate "2010.01.05"]
[SourceVersion "1"]
[SourceVersionDate "2010.01.05"]
[SourceQuality "1"]

1. g3 d6 2. Bg2 e5 3. c4 Be7 4. Nc3 f5 5. e3 Nf6 6. Nge2 0-0 7. 0-0 Nc6 8. f4 Qe8 9. d3 Bd7 10. Nd5 Bd8 11. Bd2 Ne7 12. Nxf6+ Rxf6 13. Bxb7 Rb8 14. Bf3 Rh6 15. Bc3 Bc6 16. fxe5 Bxf3 17. Rxf3 Qh5 18. Rf2 dxe5 19. Bxe5 Nc6 20. Bc3 Qe8 21. Qd2 Re6 22. Rxf5 Rxe3 23. Raf1 Bf6 24. Rxf6 gxf6 25. Nf4 Rd8 26. Nd5 Rxd5 27. cxd5 Re2 28. Qf4 Qh5 29. h4 Ne5 30. Qxf6 Qe8 31. h5 Re3 32. Qg5+ Ng6 33. hxg6 h6 34. Rf8+ 1-0

[Event "Ron Banwell Memorial"]
[Site "Coulsdon"]
[Date "2002.08.19"]
[Round "3"]
[White "Friedland, Jon S"]
[Black "Snape, Ian L"]
[Result "1-0"]
[WhiteElo "2181"]
[BlackElo "2202"]
[PlyCount "73"]
[EventDate "2002.08.17"]
[EventType "swiss"]
[EventRounds "10"]
[EventCountry "ENG"]
[SourceTitle "CBM 089 Extra"]
[Source "ChessBase"]
[SourceDate "2002.09.10"]
[SourceVersion "2"]
[SourceVersionDate "2002.09.10"]
[SourceQuality "1"]

1. e4 e6 2. d4 c5 3. c3 d5 4. exd5 exd5 5. Nf3 Nc6 6. Bb5 Bd6 7. 0-0 Nge7 8. dxc5 Bxc5 9. Nbd2 0-0 10. Nb3 Bd6 11. Bg5 h6 12. Bh4 Qb6 13. Bxe7 Nxe7 14. Nfd4 Nc6 15. Bd3 Nxd4 16. Nxd4 Qxb2 17. Nb5 Bf4 18. Qf3 a6 19. Rfb1 Qd2 20. Rd1 Qb2 21. Rab1 Qxa2 22. Ra1 Qb2 23. Qxf4 axb5 24. Rxa8 Qxc3 25. h3 Qb3 26. Qf3 g6 27. Rc1 Be6 28. Rxf8+ Kxf8 29. Re1 Kg7 30. Rb1 Qc3 31. Rxb5 Qc1+ 32. Kh2 Qc6 33. Qg3 h5 34. Qe5+ Kh7 35. Qxh5+ Kg7 36. Qe5+ Kh7 37. Rb4 1-0

[Event "London MSO Banwell Memorial"]
[Site "London"]
[Date "2000.08.27"]
[Round "8"]
[White "Stanford, Maxim Barth"]
[Black "Friedland, Jon S"]
[Result "1/2-1/2"]
[WhiteElo "2269"]
[BlackElo "2139"]
[PlyCount "147"]
[EventDate "2000.08.20"]
[EventType "swiss"]
[EventRounds "9"]
[EventCountry "ENG"]
[SourceTitle "EXT 2001"]
[Source "ChessBase"]
[SourceDate "2000.11.22"]
[SourceVersion "1"]
[SourceVersionDate "2000.11.22"]
[SourceQuality "1"]

1. e4 c5 2. Nf3 d6 3. d4 cxd4 4. Nxd4 Nf6 5. Nc3 a6 6. Rg1 e5 7. Nb3 Be6 8. g4 h6 9. Be3 Be7 10. h4 d5 11. exd5 Nxd5 12. Nxd5 Qxd5 13. Bg2 Qxd1+ 14. Rxd1 Nc6 15. Nc5 Bxc5 16. Bxc5 Rd8 17. Be4 Rxd1+ 18. Kxd1 Kd7 19. b3 Kc7 20. c3 Nb8 21. Be3 Nd7 22. c4 Rd8 23. Kc1 Nf6 24. Bf3 Ng8 25. g5 b6 26. gxh6 gxh6 27. Bd2 Rd3 28. Be2 Rd8 29. Bc3 f6 30. c5 Rd7 31. Bxa6 bxc5 32. Bb5 Rd6 33. Kb2 Kb6 34. a4 Ne7 35. b4 Rd8 36. Rc1 cxb4 37. Bxb4 Nd5 38. Bd2 Bd7 39. Be2 Bxa4 40. Ra1 Nf4 41. Bxf4 exf4 42. Rxa4 Rd2+ 43. Kc3 Rxe2 44. Rxf4 Re6 45. Kd4 Kc6 46. Rf5 Kd6 47. Rh5 Re2 48. f3 Ke6 49. Kd3 Re1 50. Kd2 Re5 51. Rxh6 Kf7 52. Rh8 Kg7 53. Rd8 Kg6 54. Kd3 Re1 55. Rg8+ Kh5 56. Rg4 Rh1 57. Rf4 Rxh4 58. Rxf6 Kg5 59. Rf8 Ra4 60. Ke3 Rb4 61. Kf2 Ra4 62. Kg3 Ra3 63. Rb8 Ra5 64. f4+ Kf5 65. Rf8+ Kg6 66. Kg4 Ra4 67. Rb8 Ra6 68. Rb5 Kf6 69. Rh5 Ra4 70. Rh6+ Kg7 71. Rb6 Ra5 72. Rc6 Kf7 73. f5 Ra1 74. Kg5 1/2-1/2

[Event "London MSO Banwell Memorial"]
[Site "London"]
[Date "2000.08.26"]
[Round "7"]
[White "Pahud, Cedric"]
[Black "Friedland, Jon S"]
[Result "0-1"]
[WhiteElo "2103"]
[BlackElo "2139"]
[PlyCount "120"]
[EventDate "2000.08.20"]
[EventType "swiss"]
[EventRounds "9"]
[EventCountry "ENG"]
[SourceTitle "EXT 2001"]
[Source "ChessBase"]
[SourceDate "2000.11.22"]
[SourceVersion "1"]
[SourceVersionDate "2000.11.22"]
[SourceQuality "1"]

1. e4 c5 2. Nf3 d6 3. d4 cxd4 4. Qxd4 Nc6 5. Bb5 Bd7 6. Bxc6 Bxc6 7. Nc3 Nf6 8. Bg5 e6 9. 0-0-0 Be7 10. Qd3 0-0 11. Nd4 Rc8 12. f4 Qa5 13. f5 e5 14. Nb3 Qc7 15. Bxf6 gxf6 16. Rhf1 Kh8 17. Qe2 Rg8 18. Nd5 Bxd5 19. Rxd5 Bf8 20. Kb1 Qc4 21. Rf2 b6 22. Qxc4 Rxc4 23. Nd2 Rc6 24. c4 Bh6 25. b3 Be3 26. Re2 Bc5 27. Kb2 Rc7 28. Nf3 a6 29. a3 a5 30. a4 Kg7 31. Nd2 Rcc8 32. Kc2 Kh6 33. Rd3 Rg5 34. Nb1 Kg7 35. Nc3 h5 36. Nb5 Rd8 37. Kd2 h4 38. Ke1 Rh8 39. h3 Rg3 40. Rxg3+ hxg3 41. Nc7 Kh6 42. Nd5 Kg5 43. Kd2 Rh4 44. Kd3 Bf2 45. Ne3 Rf4 46. Nd5 Rf3+ 47. Ne3 Rf4 48. Nd5 Kh4 49. Nxf6 Bd4 50. Nd5 Rf1 51. Ne3 Rb1 52. f6 Rxb3+ 53. Kd2 Bxe3+ 54. Rxe3 Rb2+ 55. Ke1 Rxg2 56. Kf1 Ra2 57. Kg1 Kxh3 58. Re1 Rxa4 59. Rc1 Ra2 60. Rb1 Rc2 0-1